Statistics for Countries that borders Afghanistan by their official names.

Click here to take the quiz!

General Stats

  • This quiz has been taken 6 times
  • The average score is 4 of 6

Answer Stats

Countries% Correct
Islamic Republic of Iran
83%
Islamic Republic of Pakistan
67%
People’s Republic of China
67%
Republic of Tajikistan
67%
Republic of Uzbekistan
50%
Turkmenistan
50%

Score Distribution

Percentile by Number Answered

Percent of People with Each Score

Your Score History

You have not taken this quiz